Southville International School and Colleges
Your cart is empty.
  • Cart
  • Lists
    Public lists Eva Luna New books Lux_list list_1
    Your lists Log in to create your own lists
  • Log in to your account
  • Your cookies
  • Search history
Southville International School and Colleges
  • Advanced search
  • Recent comments
  • Most popular
  • Libraries

Log in to your account

Log in with GOOGLE


If you do not have an external account, but do have a local account, you can still log in:

  1. Home
  2. MARC view: America, Inc. :
Normal view MARC view ISBD view

America, Inc. : (Record no. 288444)

[ view plain ]
MARC details
000 -LEADER
fixed length control field 00800nam a22002290 4500
003 - CONTROL NUMBER IDENTIFIER
control field PILC
005 - DATE AND TIME OF LATEST TRANSACTION
control field 20150824103720.0
008 - FIXED-LENGTH DATA ELEMENTS--GENERAL INFORMATION
fixed length control field 960831s1971
050 ## - LIBRARY OF CONGRESS CALL NUMBER
Classification number HD 2795
Item number .M668 1971
100 1# - MAIN ENTRY--PERSONAL NAME
Personal name Mintz, Morton.
245 10 - TITLE STATEMENT
Title America, Inc. :
Remainder of title who owns and operates the United States /
Statement of responsibility, etc by Morton Mintz & Jerry S. Cohen ; introduction by Ralph Nader.
260 ## - PUBLICATION, DISTRIBUTION, ETC. (IMPRINT)
Place of publication, distribution, etc New York :
Name of publisher, distributor, etc Dell,
Date of publication, distribution, etc 1971.
300 ## - PHYSICAL DESCRIPTION
Extent 511 pages ;
Dimensions 20 cm.
500 ## - GENERAL NOTE
General note Includes bibliographical references and index.
650 ## - SUBJECT ADDED ENTRY--TOPICAL TERM
Topical term or geographic name as entry element Big business
General subdivision United States.
650 ## - SUBJECT ADDED ENTRY--TOPICAL TERM
Topical term or geographic name as entry element Business and politics
General subdivision United States.
650 ## - SUBJECT ADDED ENTRY--TOPICAL TERM
Topical term or geographic name as entry element Commercial crimes
General subdivision United States.
650 ## - SUBJECT ADDED ENTRY--TOPICAL TERM
Topical term or geographic name as entry element Industry and state
General subdivision United States.
700 1# - ADDED ENTRY--PERSONAL NAME
Personal name Cohen, Jerry S.
700 #1 - ADDED ENTRY--PERSONAL NAME
Personal name Nader, Ralph,
Relator term ed.
942 ## - ADDED ENTRY ELEMENTS (KOHA)
Source of classification or shelving scheme Library of Congress Classification
Koha item type Books
Call number prefix Foreign
Holdings
Withdrawn status Lost status Source of classification or shelving scheme Damaged status Home library Current library Shelving location Date acquired Source of acquisition Total Checkouts Full call number Barcode Date last seen Price effective from Koha item type
    Library of Congress Classification   Archives Archives   08/24/2015 Donation   HD 2795 .M668 1971 C19737 05/15/2018 08/24/2015 Books

America, Inc. :

APA

Mintz M., Cohen J. S. & Nader R. (1971). America, Inc. New York: Dell.

Chicago

Mintz Morton, Cohen Jerry S and Nader Ralph. 1971. America, Inc. New York: Dell.

Harvard

Mintz M., Cohen J. S. and Nader R. (1971). America, Inc. New York: Dell.

MLA

Mintz Morton, Cohen Jerry S and Nader Ralph. America, Inc. New York: Dell. 1971.

  • Place hold
  • Print
  • Cite
  • Add to your cart (remove)
  • Save record
    BIBTEX Dublin Core MARCXML MARC (non-Unicode/MARC-8) MARC (Unicode/UTF-8) MARC (Unicode/UTF-8, Standard) MODS (XML) RIS
  • More searches
    Search for this title in:
    Other Libraries (WorldCat) Other Databases (Google Scholar) Online Stores (Bookfinder.com) Open Library (openlibrary.org)

Exporting to Dublin Core...

SOUTHVILLE LIBRARY

Southville International School and Colleges Library

1281 Tropical Ave. Cor. Luxembourg St., BF Homes International, Las Pinas City

Tel. No. 8256374 / 252358 Loc. 117/146

Powered by Koha